| 000 | 00514nam a2200193Ia 4500 | ||
|---|---|---|---|
| 999 |
_c4076 _d4076 |
||
| 003 | OSt | ||
| 005 | 20200526103855.0 | ||
| 008 | 191128s1998 xx a br 000 j spa d | ||
| 020 | _a9580450577 | ||
| 040 |
_aCO-JMCR _cCO-JMCR |
||
| 041 | _aspa | ||
| 082 | 0 | 4 |
_aC / _bPOOp |
| 245 | 1 | 0 | _aPooh va en busca de miel / |
| 260 |
_aBogotá : _bNorma, _c1998 |
||
| 300 |
_a16 páginas : _bilustraciones a color ; _c17 cm. |
||
| 490 | _aPrimeros amigos Disney | ||
| 650 | 1 | 4 |
_acuentos infantiles _94697 |
| 942 |
_2ddc _cBK |
||